[Event "13th EICC"]
[Site "Plovdiv BUL"]
[Date "2012.03.21"]
[Round "2.96"]
[White "Buhmann, Rainer"]
[Black "Novkovic, Milan"]
[Result "1/2-1/2"]
[WhiteTitle "GM"]
[BlackTitle "IM"]
[WhiteElo "2614"]
[BlackElo "2381"]
[WhiteFideId "4651340"]
[BlackFideId "1613103"]
[EventDate "2012.03.20"]
[EventType "swiss"]

1. Nf3 d5 2. d4 a6 3. Bg5 h6 4. Bh4 Nd7 5. e3 Ngf6 6. c4 dxc4 7. Bxc4 b5 8. Bd3
Bb7 9. a4 b4 10. Nbd2 c5 11. O-O cxd4 12. exd4 e6 13. a5 Be7 14. Qe2 O-O 15.
Rfc1 Nh5 16. Bxe7 Qxe7 17. g3 Qd6 18. Be4 Rfb8 19. Nc4 Qf8 20. Nce5 Nhf6 21.
Bxb7 Rxb7 22. Rc6 Rba7 23. Rac1 Nxe5 24. dxe5 Nd5 25. Nd2 Qd8 26. Nb3 Qg5 27. h4
Qg6 28. Nc5 Kh7 29. Ne4 Rb8 30. Nd6 b3 31. R1c4 Rb4 32. h5 Qg5 33. Qe4+ g6 34.
hxg6+ fxg6 35. Qe1 Rxc4 36. Rxc4 Rc7 37. Rxc7+ Nxc7 38. Qc3 Nd5 39. Qxb3 Qxe5
40. Qb7+ Qg7 41. Qxa6 Qxb2 42. Qc8 Qa1+ 43. Kg2 Qe5 44. Qd7+ Kg8 45. Qf7+ Kh8
46. Qf8+ Kh7 47. a6 Qe2 48. Qf7+ Kh8 49. Qe8+ Kg7 50. Qf7+ Kh8 51. Qf3 Qxa6 52.
Qf8+ Kh7 53. Qf7+ Kh8 54. Qe8+ Kg7 55. Qf7+ Kh8 56. Ne8 Qa1 57. Qf8+ Kh7 58.
Qf7+ Kh8 59. Qxg6 Qe5 60. Kh2 h5 61. f4 Qe2+ 62. Kh3 Nxf4+ 63. gxf4 Qf3+ 64. Kh2
Qxf4+ 65. Kg2 Qg4+ 66. Qxg4 1/2-1/2

[Event "13th EICC"]
[Site "Plovdiv BUL"]
[Date "2012.03.21"]
[Round "2.97"]
[White "Izzat, Kanan"]
[Black "Smeets, Jan"]
[Result "1/2-1/2"]
[WhiteTitle "FM"]
[BlackTitle "GM"]
[WhiteElo "2319"]
[BlackElo "2610"]
[WhiteFideId "13405209"]
[BlackFideId "1007246"]
[EventDate "2012.03.20"]
[EventType "swiss"]

1. d4 d5 2. c4 c6 3. Nf3 Nf6 4. Nc3 dxc4 5. a4 e6 6. e3 c5 7. Bxc4 Nc6 8. O-O
cxd4 9. exd4 Be7 10. Qe2 O-O 11. Rd1 Nb4 12. a5 a6 13. Bg5 Bd7 14. d5 exd5 15.
Bxd5 Nbxd5 16. Nxd5 Nxd5 17. Rxd5 Bxg5 18. Nxg5 h6 19. Qd2 hxg5 20. Rxd7 Qf6 21.
Rd1 Rfe8 22. Rxb7 Rad8 23. Rd7 Rxd7 24. Qxd7 Rb8 25. b3 Qc3 26. h3 Qxa5 27. Rd5
Qb6 28. Rxg5 Qxb3 29. Qd4 g6 30. Rd5 Qb6 31. Qd2 Qf6 32. Rd6 Rb1+ 33. Kh2 Rb2
34. Rxf6 Rxd2 35. Rxa6 Rxf2 36. Kg3 Rb2 37. Rc6 Rb1 38. Ra6 Rb2 39. Rc6 Rb1 40.
Ra6 Rb2 1/2-1/2

[Event "13th EICC"]
[Site "Plovdiv BUL"]
[Date "2012.03.21"]
[Round "2.98"]
[White "Solak, Dragan"]
[Black "Dimitrov, Atanas"]
[Result "1-0"]
[WhiteTitle "GM"]
[BlackTitle "IM"]
[WhiteElo "2602"]
[BlackElo "2318"]
[WhiteFideId "916811"]
[BlackFideId "2901315"]
[EventDate "2012.03.20"]
[EventType "swiss"]

1. e4 e5 2. Nf3 Nc6 3. Bb5 a6 4. Bxc6 dxc6 5. O-O Ne7 6. Nxe5 Qd4 7. Qh5 g6 8.
Nf3 Qxe4 9. Nc3 gxh5 10. Nxe4 Bf5 11. Nf6+ Kd8 12. d3 Bg6 13. Bd2 Nd5 14. Bg5
Be7 15. Nxd5 cxd5 16. Bxe7+ Kxe7 17. Rfe1+ Kd6 18. Kf1 Rhe8 19. Rxe8 Rxe8 20.
Re1 Rc8 21. Ke2 c5 22. Kd2 f6 23. c3 a5 24. Nh4 b6 25. Re3 Rg8 26. Rg3 Bf7 27.
Nf5+ Kd7 28. Rxg8 Bxg8 29. d4 Be6 30. Ng3 Bf7 31. Ke3 Bg6 32. Kf4 cxd4 33. cxd4
Ke6 34. a3 Kd6 35. Ne2 Ke6 36. Nc3 Be8 37. b3 Bg6 38. Ke3 Bc2 39. b4 axb4 40.
axb4 Kd6 41. Ne2 Bg6 42. Kd2 Bf7 43. Ke3 Kc6 44. Nc3 Be6 45. Kf4 Bd7 46. Kg3 Kd6
47. Kh4 Be8 48. Ne2 Kc6 49. Nc3 Kd6 50. f4 Bg6 51. f5 Bf7 52. h3 Kc6 53. b5+ Kd6
54. Ne2 Be8 55. Nf4 Bxb5 56. Kxh5 Bf1 57. Kh6 b5 58. g4 b4 59. g5 b3 60. gxf6 b2
61. f7 b1=Q 62. f8=Q+ Kd7 63. Qf7+ Kc8 64. Qe6+ Kb8 65. f6 1-0

[Event "13th EICC"]
[Site "Plovdiv BUL"]
[Date "2012.03.21"]
[Round "2.99"]
[White "Tate, Alan"]
[Black "Vajda, Levente"]
[Result "0-1"]
[WhiteTitle "FM"]
[BlackTitle "GM"]
[WhiteElo "2350"]
[BlackElo "2597"]
[WhiteFideId "2401878"]
[BlackFideId "1203975"]
[EventDate "2012.03.20"]
[EventType "swiss"]

1. e4 e5 2. Nf3 Nc6 3. d4 exd4 4. Nxd4 d6 5. Nc3 Nf6 6. f3 Be7 7. Bf4 O-O 8. Qd2
Nxd4 9. Qxd4 Be6 10. O-O-O Nd7 11. Kb1 a6 12. g4 b5 13. Nd5 Bxd5 14. Qxd5 Nb6
15. Qc6 Rb8 16. h4 Nc4 17. Bxc4 bxc4 18. Qxc4 a5 19. g5 Rb4 20. Qc3 Qd7 21. Rd5
Rfb8 22. Bc1 c6 23. Rxa5 d5 24. exd5 cxd5 25. b3 Bd8 26. Rc5 Be7 27. Rc7 Qd8 28.
Rc6 Qe8 29. Ra6 Rc4 30. Qa5 Qc8 31. Rh2 Bb4 32. Qxd5 Qxa6 33. Bb2 Rcc8 34. h5
Qf1+ 35. Bc1 Ba3 0-1

[Event "13th EICC"]
[Site "Plovdiv BUL"]
[Date "2012.03.21"]
[Round "2.100"]
[White "Sulskis, Sarunas"]
[Black "Boruchovsky, Avital"]
[Result "0-1"]
[WhiteTitle "GM"]
[BlackTitle "FM"]
[WhiteElo "2596"]
[BlackElo "2333"]
[WhiteFideId "12800112"]
[BlackFideId "2800055"]
[EventDate "2012.03.20"]
[EventType "swiss"]

1. e4 e5 2. Nf3 Nc6 3. d4 exd4 4. Nxd4 g6 5. Nc3 Bg7 6. Be3 Nf6 7. Qd2 O-O 8.
O-O-O Re8 9. f3 d5 10. exd5 Nxd5 11. Bg5 Qd7 12. Ndb5 Nxc3 13. Qxd7 Nxa2+ 14.
Kb1 Bxd7 15. Rxd7 Nab4 16. Bc4 Ne5 17. Rxc7 Nxc4 18. Rxc4 Re5 19. Nc7 Rc8 20.
Bf4 Na6 21. Rd1 h6 22. Bxe5 Bxe5 23. g3 Rxc7 24. Rd8+ Kg7 25. Rxc7 Bxc7 26. Ra8
Bb6 27. c3 Bg1 28. b4 Nc7 29. Rb8 Bxh2 30. Rxb7 Bxg3 31. c4 h5 32. Rxa7 h4 33.
Kc2 h3 34. Ra1 h2 35. Rh1 Kf6 36. b5 Ke6 37. Kc3 g5 38. Kb4 Kd7 39. c5 Ne6 40.
c6+ Kc7 41. Kc4 f6 42. Rd1 Kb6 0-1

[Event "13th EICC"]
[Site "Plovdiv BUL"]
[Date "2012.03.21"]
[Round "2.101"]
[White "Donchenko, Alexander"]
[Black "Pantsulaia, Levan"]
[Result "0-1"]
[WhiteTitle "FM"]
[BlackTitle "GM"]
[WhiteElo "2309"]
[BlackElo "2595"]
[WhiteFideId "24603295"]
[BlackFideId "13602071"]
[EventDate "2012.03.20"]
[EventType "swiss"]

1. c4 c5 2. g3 Nc6 3. Bg2 g6 4. Nc3 Bg7 5. Nf3 Nh6 6. h4 Nf5 7. h5 a6 8. d3 O-O
9. Ng5 d6 10. a3 Bd7 11. Bd5 e6 12. Bg2 Qe7 13. Nge4 Ne5 14. Bg5 f6 15. Bf4 g5
16. Bxe5 fxe5 17. b4 cxb4 18. axb4 Bc6 19. Qb3 Rad8 20. Ra5 h6 21. Qa2 Qf7 22.
O-O Qxh5 23. b5 axb5 24. cxb5 Bd7 25. Ra7 Bc8 26. e3 Qf7 27. b6 Qe7 28. Qa3 Rf7
29. Nb5 Bf8 30. Rc1 Qe8 31. Qb2 g4 32. Rc7 d5 33. Nc5 Nd6 34. Nc3 Re7 35. Qe2 h5
36. Qa2 Kh8 37. Qb2 Qf7 38. Nb5 Nxb5 39. Qxb5 Rxc7 40. bxc7 Qxc7 41. Nxb7 Rd7
42. Ra8 Rf7 43. Na5 Qc2 44. Qb8 Qxf2+ 45. Kh2 Rf5 46. Qxc8 h4 47. gxh4 Qxh4+ 48.
Kg1 Qf2+ 0-1

[Event "13th EICC"]
[Site "Plovdiv BUL"]
[Date "2012.03.21"]
[Round "2.103"]
[White "Mihopoulos, Konstantinos"]
[Black "Grigoriants, Sergey"]
[Result "0-1"]
[BlackTitle "GM"]
[WhiteElo "1951"]
[BlackElo "2561"]
[WhiteFideId "4217110"]
[BlackFideId "4130804"]
[EventDate "2012.03.20"]
[EventType "swiss"]

1. c4 Nf6 2. g3 c6 3. Nf3 d5 4. Bg2 dxc4 5. O-O Nbd7 6. Qc2 Nb6 7. a4 a5 8. Na3
g6 9. Nxc4 Nxc4 10. Qxc4 Bg7 11. d3 O-O 12. e4 Be6 13. Qc2 Bg4 14. Be3 Ne8 15.
Rfd1 Nc7 16. d4 Na6 17. h3 Nb4 18. Qd2 Bxf3 19. Bxf3 Qd7 20. Kg2 Rfd8 21. d5
cxd5 22. exd5 Rdc8 23. Rdc1 h5 24. Bb6 Rxc1 25. Rxc1 Qxa4 26. Rc7 Qb5 27. Rxb7
Re8 28. d6 exd6 29. Qxd6 Qf5 30. Ra7 Nd3 31. Rxa5 Ne1+ 32. Kf1 Qxf3 33. Qd5 Qd3+
34. Qxd3 Nxd3 35. Rd5 Nxb2 36. Rd8 Rxd8 37. Bxd8 f5 38. Kg2 Kf7 39. h4 Ke6 40.
Kf3 Nd3 41. Ke2 Ne5 42. f3 Kd5 43. Bg5 Bf8 44. Be3 Bd6 45. Bc1 Kc4 46. Bf4 Nf7
47. Ke3 Kd5 0-1

[Event "13th EICC"]
[Site "Plovdiv BUL"]
[Date "2012.03.21"]
[Round "2.105"]
[White "Sebenik, Matej"]
[Black "Cherednichenko, Elena"]
[Result "1-0"]
[WhiteTitle "IM"]
[BlackTitle "WFM"]
[WhiteElo "2529"]
[BlackElo "2130"]
[WhiteFideId "14602296"]
[BlackFideId "14105560"]
[EventDate "2012.03.20"]
[EventType "swiss"]

1. d4 d5 2. c4 e6 3. Nc3 Nf6 4. cxd5 exd5 5. Bg5 c6 6. e3 Be7 7. Bd3 Nbd7 8. Qc2
h6 9. Bh4 O-O 10. Nge2 Re8 11. f3 c5 12. O-O a6 13. Rad1 c4 14. Bf5 Nb6 15. Bxc8
Rxc8 16. h3 Nbd7 17. e4 dxe4 18. fxe4 Nh7 19. Bxe7 Qxe7 20. Ng3 b5 21. Nf5 Qe6
22. Qf2 Rcd8 23. Rde1 Ndf6 24. Qg3 Nh5 25. Qf3 N5f6 26. e5 Nd7 27. Ne4 Qg6 28.
Ned6 Re6 29. h4 Rf8 30. Qb7 Nb8 31. d5 Rxd6 32. Ne7+ Kh8 33. Nxg6+ Rxg6 34. Rxf7 1-0

[Event "13th EICC"]
[Site "Plovdiv BUL"]
[Date "2012.03.21"]
[Round "2.106"]
[White "Medancic, Rikard"]
[Black "Miron, Lucian-Costin"]
[Result "0-1"]
[WhiteTitle "IM"]
[BlackTitle "IM"]
[WhiteElo "2252"]
[BlackElo "2518"]
[WhiteFideId "14500531"]
[BlackFideId "1210920"]
[EventDate "2012.03.20"]
[EventType "swiss"]

1. d4 d5 2. c4 e6 3. Nc3 c6 4. Nf3 dxc4 5. e3 b5 6. a4 Bb4 7. Bd2 a5 8. axb5
Bxc3 9. bxc3 cxb5 10. Be2 Nc6 11. O-O Nf6 12. Ng5 h6 13. Bf3 Bb7 14. Ne4 Nxe4
15. Bxe4 Qb6 16. Qe2 Nd8 17. Bc2 Qc7 18. Rfb1 Bc6 19. e4 O-O 20. Qg4 f5 21. exf5
exf5 22. Qh4 Qf7 23. Re1 Qg6 24. Qg3 Qxg3 25. hxg3 Nb7 26. Re6 Rac8 27. Rae1 a4
28. Bc1 Na5 29. Ba3 Rf7 30. R6e5 Bd7 31. Re7 Rc7 32. g4 Rxe7 33. Rxe7 Nc6 34.
Re1 b4 35. Bxb4 Nxb4 36. cxb4 fxg4 37. d5 Rb7 38. Rb1 Kf7 39. Kf1 Kf6 40. Ke2
Ke5 41. Ke3 Rb6 42. Be4 a3 43. f4+ gxf3 44. gxf3 g5 45. Ra1 Rxb4 46. Rxa3 Rb3+
47. Rxb3 cxb3 48. Kd2 h5 49. Ke3 b2 0-1

[Event "13th EICC"]
[Site "Plovdiv BUL"]
[Date "2012.03.21"]
[Round "2.108"]
[White "Saric, Ivan"]
[Black "Panteleev, Petar"]
[Result "1-0"]
[WhiteTitle "GM"]
[WhiteElo "2649"]
[BlackElo "2347"]
[WhiteFideId "14508150"]
[BlackFideId "2903610"]
[EventDate "2012.03.20"]
[EventType "swiss"]

1. e4 e5 2. Nf3 Nc6 3. Bb5 Nf6 4. O-O Nxe4 5. d4 Nd6 6. Bxc6 dxc6 7. dxe5 Nf5 8.
Qxd8+ Kxd8 9. Nc3 Ke8 10. h3 h5 11. Rd1 Be7 12. Bg5 Be6 13. g3 f6 14. exf6 gxf6
15. Bf4 Rc8 16. Kg2 Kf7 17. b3 b6 18. Rd3 Bd6 19. Bxd6 cxd6 20. Rad1 d5 21. Ne2
Ne7 22. R3d2 Ng6 23. c4 dxc4 24. bxc4 c5 25. Nc3 Ke7 26. Re1 Rhd8 27. Rde2 Rc6
28. Re4 Kf7 29. Nh4 Nxh4+ 30. Rxh4 Kg6 31. Ne2 Bf7 32. Nf4+ Kg7 33. Nxh5+ Kf8
34. g4 Bxc4 35. Ng3 Bd5+ 36. Kh2 Bg8 37. Nf5 Rd2 38. Kg3 Re6 39. Rxe6 Bxe6 40.
Rh8+ Kf7 41. Rh7+ Kf8 42. Rh8+ Kf7 43. Rh7+ Kf8 44. Rxa7 Rxa2 45. Rb7 Ra3+ 46.
Ne3 Rb3 47. h4 c4 48. g5 fxg5 49. hxg5 c3 50. Kf4 Rb2 51. Rc7 Rxf2+ 52. Ke5 Bf7
53. Rxc3 Kg7 54. Rc6 Re2 55. Kf4 Rf2+ 56. Kg3 Rb2 57. Nf5+ Kh7 58. Kf4 Re2 59.
Rh6+ Kg8 60. Rxb6 Re6 61. Rb8+ Re8 62. Rb7 Bh5 63. Ne7+ Kf7 64. Nc6+ Kg6 65.
Ne5+ Rxe5 66. Rb6+ Re6 67. Rxe6+ Kf7 68. Rf6+ Kg7 69. Kf5 Be8 70. Rd6 Ba4 71. g6
Bc2+ 72. Kg5 Bb3 73. Rd7+ 1-0

[Event "13th EICC"]
[Site "Plovdiv BUL"]
[Date "2012.03.21"]
[Round "2.112"]
[White "Cabarkapa, Novak"]
[Black "Aleksandrov, Aleksej"]
[Result "1/2-1/2"]
[WhiteTitle "FM"]
[BlackTitle "GM"]
[WhiteElo "2314"]
[BlackElo "2604"]
[WhiteFideId "943746"]
[BlackFideId "13500139"]
[EventDate "2012.03.20"]
[EventType "swiss"]

1. e4 e5 2. Nf3 Nc6 3. Bb5 Nf6 4. O-O Nxe4 5. Re1 Nd6 6. Nxe5 Be7 7. Bf1 Nxe5 8.
Rxe5 O-O 9. d4 Bf6 10. Re1 Re8 11. c3 Rxe1 12. Qxe1 Qe7 13. Qxe7 Bxe7 14. Bf4
Ne8 15. Nd2 d5 16. Re1 Kf8 17. Bd3 Bd6 18. Bxd6+ Nxd6 19. Nf3 g6 20. h4 f6 21.
h5 Kf7 22. hxg6+ hxg6 23. Nh2 a5 24. Nf1 Bf5 25. Bxf5 Nxf5 26. f3 c6 27. Ne3 Nd6
28. Ng4 Rh8 29. Nf2 a4 30. Nd3 a3 31. b3 Nb5 32. Rc1 b6 33. Kf2 g5 34. Nb4 Rc8
35. Ke3 c5 36. dxc5 Rxc5 37. c4 dxc4 38. Rxc4 Re5+ 39. Re4 Ke6 40. g3 f5 41.
Rxe5+ Kxe5 42. f4+ gxf4+ 43. gxf4+ Kd6 44. Nc2 Kc5 45. Kd3 Nc7 46. b4+ Kb5 47.
Kd4 Ka4 48. Ke5 Nb5 49. Kxf5 Nc3 50. Ke6 Nxa2 51. f5 Nxb4 52. Nxa3 Kxa3 53. Kd6
Nd3 54. f6 1/2-1/2

[Event "13th EICC"]
[Site "Plovdiv BUL"]
[Date "2012.03.21"]
[Round "2.113"]
[White "Kozul, Zdenko"]
[Black "Ali Marandi, Cemil Can"]
[Result "1-0"]
[WhiteTitle "GM"]
[BlackTitle "FM"]
[WhiteElo "2602"]
[BlackElo "2315"]
[WhiteFideId "14502879"]
[BlackFideId "6300529"]
[EventDate "2012.03.20"]
[EventType "swiss"]

1. d4 d5 2. c4 c6 3. Nf3 Nf6 4. Nc3 e6 5. Bg5 h6 6. Bxf6 Qxf6 7. Qb3 a5 8. a3
Nd7 9. e4 a4 10. Qc2 Qg6 11. cxd5 exd5 12. O-O-O dxe4 13. Nxe4 Nf6 14. Re1 Nxe4
15. Rxe4+ Be7 16. Bd3 Qd6 17. Rhe1 Be6 18. Bc4 O-O 19. Rxe6 fxe6 20. Rxe6 Qf4+
21. Kb1 b5 22. Ba2 b4 23. axb4 Kh8 24. Ne5 Rf6 25. Rxf6 Qxf6 26. Ng6+ Kh7 27.
Nf8+ 1-0

[Event "13th EICC"]
[Site "Plovdiv BUL"]
[Date "2012.03.21"]
[Round "2.115"]
[White "Lintchevski, Daniil"]
[Black "Ivanov, Stojan Lubomirov"]
[Result "1/2-1/2"]
[WhiteTitle "GM"]
[WhiteElo "2564"]
[BlackElo "2309"]
[WhiteFideId "4171055"]
[BlackFideId "2908980"]
[EventDate "2012.03.20"]
[EventType "swiss"]

1. d4 Nf6 2. c4 b6 3. Nc3 Bb7 4. f3 d6 5. e4 Nbd7 6. Nge2 c5 7. d5 g6 8. Be3 Bg7
9. Qc2 a6 10. Ng3 Qc7 11. O-O-O h5 12. Be2 b5 13. cxb5 axb5 14. Bxb5 O-O 15.
Nge2 Ba6 16. Bxa6 Rxa6 17. Kd2 Ne5 18. Ke1 e6 19. Bf4 exd5 20. Bxe5 dxe5 21.
exd5 e4 22. Qd2 exf3 23. gxf3 Ne8 24. Kf1 Nd6 25. Kg2 Nf5 26. Ne4 Rxa2 27. d6
Qc6 28. N2c3 Ra7 29. Nd5 Rd8 30. Qg5 Rxd6 31. Nxd6 Qxd6 32. Rhe1 Nd4 33. Nc3 Qb6
34. Rd2 Kh7 35. Rf2 Nf5 36. Ne4 Ra2 37. Qc1 Bd4 38. Rfe2 Nh4+ 39. Kh1 Nxf3 40.
Rf1 Ne5 41. Nf6+ Kg7 42. Rg2 Rxb2 43. Nxh5+ Kh7 44. Nf6+ Kg7 45. Nh5+ Kh7 1/2-1/2

[Event "13th EICC"]
[Site "Plovdiv BUL"]
[Date "2012.03.21"]
[Round "2.116"]
[White "Nevednichy, Vladislav"]
[Black "Malikentzos, Sotirios"]
[Result "1-0"]
[WhiteTitle "GM"]
[BlackTitle "FM"]
[WhiteElo "2562"]
[BlackElo "2307"]
[WhiteFideId "1205730"]
[BlackFideId "4215079"]
[EventDate "2012.03.20"]
[EventType "swiss"]

1. e4 c6 2. d4 d5 3. e5 Bf5 4. c4 e6 5. Nc3 Ne7 6. a3 dxc4 7. Bxc4 Nd7 8. Nge2
Nb6 9. Bb3 Qd7 10. O-O Rd8 11. Be3 h6 12. Ng3 Bg6 13. Qg4 h5 14. Qh4 Nf5 15.
Nxf5 Bxf5 16. Rfe1 Be7 17. Bg5 Bxg5 18. Qxg5 Kf8 19. Ne4 Bxe4 20. Rxe4 Qe7 21.
Qd2 Nd5 22. Rd1 g6 23. Qc1 Kg7 24. Rd3 Rd7 25. Rf3 Qd8 26. Bxd5 Rxd5 27. Qf4 Rf8
28. h3 Qe7 29. Qe3 c5 30. dxc5 Qxc5 31. Qg5 Rd4 32. Rxd4 Qxd4 33. Qf6+ Kg8 34.
g4 Qd8 35. Qf4 hxg4 36. hxg4 Kg7 37. Kg2 Qe7 38. Rh3 Rh8 39. Qf6+ Qxf6 40. exf6+
Kg8 41. Rc3 g5 42. Rc7 Rh6 43. Rxb7 Rxf6 44. Rxa7 Rf4 45. Kg3 Rd4 46. f3 Rd2 47.
Rb7 Kg7 48. a4 Rd4 49. b4 Rd2 50. a5 Ra2 51. Rb6 f5 52. gxf5 exf5 53. a6 Ra3 54.
b5 g4 55. Rb7+ Kf6 56. a7 Rxf3+ 57. Kg2 Ra3 58. Rb6+ 1-0

[Event "13th EICC"]
[Site "Plovdiv BUL"]
[Date "2012.03.21"]
[Round "2.117"]
[White "Zontakh, Andrey"]
[Black "Videnova, Iva"]
[Result "1/2-1/2"]
[WhiteTitle "GM"]
[BlackTitle "WGM"]
[WhiteElo "2556"]
[BlackElo "2301"]
[WhiteFideId "14101130"]
[BlackFideId "2907763"]
[EventDate "2012.03.20"]
[EventType "swiss"]

1. Nf3 Nf6 2. c4 g6 3. Nc3 d5 4. cxd5 Nxd5 5. d4 Bg7 6. e3 O-O 7. Bc4 Nb6 8. Bb3
Na6 9. a4 c5 10. a5 cxd4 11. exd4 Nd7 12. O-O Nf6 13. Re1 Bf5 14. Ne5 Nc7 15. d5
Nd7 16. Nxd7 Qxd7 17. Bg5 Bf6 18. Bxf6 exf6 19. d6 Ne8 20. Re7 Qd8 21. Nd5 Bd7
22. Qd4 Kg7 23. Rae1 Qxa5 24. g4 Bc6 25. g5 Rd8 26. gxf6+ Kh8 27. Qb4 Qxb4 28.
Nxb4 Nxd6 29. Nxc6 bxc6 30. Rd1 a5 31. Rc7 Rb8 32. Rxd6 Rxb3 33. Rxf7 Rbb8 34.
Ra7 Kg8 35. Rxc6 Rxb2 36. Rxa5 Rb7 37. Kg2 Rbf7 38. Raa6 h6 39. Kg3 Kh7 40. Kf4
Re8 41. Rcb6 Rc8 42. Re6 Rc4+ 43. Re4 Rc5 44. Re5 Rc4+ 45. Ke3 g5 46. Re4 Rc3+
47. Ke2 Rh3 48. f4 Rxh2+ 49. Kf3 Kg6 50. fxg5 hxg5 51. Kg3 Rh1 52. Kg2 Rb1 53.
Re5 Rb2+ 54. Kg3 Rxf6 55. Rxf6+ Kxf6 56. Ra5 Kg6 57. Ra3 1/2-1/2

[Event "13th EICC"]
[Site "Plovdiv BUL"]
[Date "2012.03.21"]
[Round "2.118"]
[White "Nikolova, Adriana"]
[Black "Rogozenco, Dorian"]
[Result "0-1"]
[WhiteTitle "WGM"]
[BlackTitle "GM"]
[WhiteElo "2293"]
[BlackElo "2536"]
[WhiteFideId "2908689"]
[BlackFideId "1210319"]
[EventDate "2012.03.20"]
[EventType "swiss"]

1. e4 c5 2. Nf3 d6 3. d4 cxd4 4. Nxd4 Nf6 5. Nc3 a6 6. Bg5 e6 7. f4 h6 8. Bh4
Qb6 9. a3 Be7 10. Bf2 Qc7 11. Qe2 Nc6 12. O-O-O e5 13. Nf5 Bxf5 14. exf5 exf4
15. Qf3 d5 16. Bh4 Qb6 17. Qxf4 O-O 18. g4 d4 19. Bf2 Qa5 20. Bxd4 Rad8 21. h4
Nxd4 22. Rxd4 Rxd4 23. Qxd4 Rd8 24. Qe3 Nd5 25. Qe1 Bxa3 26. Rh3 Bb4 27. Kb1 Rc8
28. Nxd5 Bxe1 29. Ne7+ Kf8 30. Nxc8 Bxh4 31. Bg2 Qe5 32. Rc3 Qh2 33. Bxb7 Bf6
34. Rb3 Qg1+ 35. Ka2 Qxg4 36. Nb6 Qxf5 37. c4 Qa5+ 38. Kb1 Bd4 39. Nd5 g5 40.
Rd3 Qe1+ 41. Ka2 Qf2 42. Nc3 Bxc3 43. Rxc3 Qc5 44. Bxa6 g4 45. Rd3 h5 46. Kb3 h4
47. Ka4 g3 48. b4 Qa7 49. Ka5 g2 50. Rd8+ Ke7 0-1

[Event "13th EICC"]
[Site "Plovdiv BUL"]
[Date "2012.03.21"]
[Round "2.119"]
[White "Aharon, Ofir"]
[Black "Kabanov, Nikolai"]
[Result "1-0"]
[WhiteTitle "FM"]
[BlackTitle "GM"]
[WhiteElo "2288"]
[BlackElo "2502"]
[WhiteFideId "2800683"]
[BlackFideId "4127820"]
[EventDate "2012.03.20"]
[EventType "swiss"]

1. e4 g6 2. d4 Bg7 3. Nc3 c6 4. Be3 d5 5. f3 dxe4 6. fxe4 Nf6 7. Be2 Qa5 8. Qd2
O-O 9. Nf3 Ng4 10. Bg5 e5 11. d5 f6 12. h3 Nf2 13. Kxf2 fxg5 14. Kg3 h6 15. Rhf1
Nd7 16. Kh2 Qc5 17. Rad1 g4 18. dxc6 bxc6 19. Nh4 gxh3 20. Na4 Qd4 21. Qxd4 exd4
22. Nxg6 Rxf1 23. Rxf1 hxg2 24. Kxg2 Kh7 25. Ne7 Ne5 26. Nc5 Bg4 27. Bxg4 Nxg4
28. Rf4 Ne3+ 29. Kf3 Nxc2 30. Ne6 d3 31. Rf7 Nd4+ 32. Nxd4 d2 33. Ke2 1-0

[Event "13th EICC"]
[Site "Plovdiv BUL"]
[Date "2012.03.21"]
[Round "2.120"]
[White "Kourousis, Epaminondas"]
[Black "Baron, Tal"]
[Result "1/2-1/2"]
[BlackTitle "GM"]
[WhiteElo "2284"]
[BlackElo "2497"]
[WhiteFideId "4211626"]
[BlackFideId "2809958"]
[EventDate "2012.03.20"]
[EventType "swiss"]

1. d4 Nf6 2. c4 g6 3. Nc3 d5 4. Nf3 Bg7 5. Bg5 Ne4 6. Bh4 Nxc3 7. bxc3 dxc4 8.
Qa4+ Qd7 9. Qxc4 b6 10. e3 Ba6 11. Qb3 Bxf1 12. Kxf1 O-O 13. Ke2 Nc6 14. Rhd1
Na5 15. Qb4 e6 16. Kf1 Rfc8 17. Rab1 Qd5 18. a4 c5 19. Qb5 Rc6 20. Be7 Rc7 21.
dxc5 Qc4+ 22. Qxc4 Nxc4 23. Bd6 Nxd6 24. cxd6 Rxc3 25. Rbc1 Rxc1 26. Rxc1 Rd8
27. Rc7 Rxd6 28. Rxa7 Bc3 29. Rc7 Bf6 30. Ke2 Rd5 31. Rb7 Ra5 32. Rxb6 Rxa4 33.
Rd6 Ra2+ 34. Rd2 Rxd2+ 35. Nxd2 h5 36. g3 Bd8 37. h3 Kg7 38. h4 Be7 39. Ne4 Bf8
40. Nc3 Be7 41. Ne4 Bf8 1/2-1/2

[Event "13th EICC"]
[Site "Plovdiv BUL"]
[Date "2012.03.21"]
[Round "2.122"]
[White "Nedev, Trajko"]
[Black "Boehnisch, Manfred"]
[Result "1-0"]
[WhiteTitle "GM"]
[BlackTitle "FM"]
[WhiteElo "2492"]
[BlackElo "2291"]
[WhiteFideId "15000605"]
[BlackFideId "4611543"]
[EventDate "2012.03.20"]
[EventType "swiss"]

1. e4 c6 2. d4 d5 3. e5 Bf5 4. h4 h5 5. c4 e6 6. Nc3 Nd7 7. cxd5 cxd5 8. Bd3
Bxd3 9. Qxd3 Ne7 10. Nf3 Nb8 11. Bg5 a6 12. O-O Qd7 13. Rac1 b5 14. a4 b4 15.
Ne2 Ra7 16. Rc2 Rc7 17. Rfc1 Rxc2 18. Qxc2 Nec6 19. Nf4 Be7 20. Nd3 O-O 21. Nf4
Bxg5 22. Nxg5 g6 23. Nxg6 fxg6 24. Qxg6+ Qg7 25. Qxe6+ Kh8 26. Rxc6 1-0

[Event "13th EICC"]
[Site "Plovdiv BUL"]
[Date "2012.03.21"]
[Round "2.123"]
[White "Chudinovskikh, Alexander M"]
[Black "Soffer, Ram"]
[Result "0-1"]
[WhiteTitle "IM"]
[BlackTitle "GM"]
[WhiteElo "2278"]
[BlackElo "2492"]
[WhiteFideId "4106083"]
[BlackFideId "2800101"]
[EventDate "2012.03.20"]
[EventType "swiss"]

1. e4 c5 2. Nf3 e6 3. d4 cxd4 4. Nxd4 Nc6 5. Nb5 d6 6. c4 Nf6 7. N5c3 b6 8. Be2
Bb7 9. Bf4 Be7 10. O-O O-O 11. Re1 Ne5 12. Nd2 Rc8 13. Rc1 Qc7 14. Bf1 Qb8 15.
b3 Nfd7 16. Nf3 a6 17. Nxe5 Nxe5 18. Be3 Nd7 19. f3 Bd8 20. Qd2 Bc7 21. Bf4 Ne5
22. Bg3 Rcd8 23. Kh1 Bc6 24. f4 Ng6 25. f5 Ne5 26. Bh4 Rd7 27. f6 Bd8 28. Re3
Re8 29. Rh3 Ng6 30. fxg7 Bxh4 31. Qh6 f5 32. g3 Rxg7 33. gxh4 f4 34. h5 Ne5 35.
Qxf4 Rf8 36. Qh6 Qe8 37. Be2 Ng4 38. Bxg4 Rxg4 39. Rh4 Rg7 40. Rf4 Rxf4 41. Qxf4
Qxh5 42. Rg1 Qh3 43. Ne2 Qf5 44. Rxg7+ Kxg7 45. Kg1 Qxe4 46. Qxe4 Bxe4 47. Nc3
Bc6 48. b4 Kf6 49. b5 axb5 50. cxb5 Bd7 51. Kf2 d5 52. Na4 Bxb5 53. Nxb6 Ke7 54.
a4 Ba6 55. a5 Kd6 56. Na4 d4 57. Kf3 Bb7+ 58. Ke2 e5 59. Kd3 Bc6 60. Nb2 Kd5 61.
Kc2 Bb5 62. Kb3 e4 63. Kc2 e3 0-1

[Event "13th EICC"]
[Site "Plovdiv BUL"]
[Date "2012.03.21"]
[Round "2.124"]
[White "Filip, Lucian"]
[Black "Sanal, Vahap"]
[Result "1-0"]
[WhiteTitle "IM"]
[BlackTitle "CM"]
[WhiteElo "2483"]
[BlackElo "2286"]
[WhiteFideId "1208900"]
[BlackFideId "6300545"]
[EventDate "2012.03.20"]
[EventType "swiss"]

1. Nf3 Nf6 2. c4 b6 3. g3 Bb7 4. Bg2 e6 5. O-O Be7 6. d4 O-O 7. Re1 d5 8. cxd5
exd5 9. Nc3 Nbd7 10. Ne5 Re8 11. Qa4 Nb8 12. Qb3 c5 13. dxc5 Bxc5 14. Nd3 Bd4
15. Nb5 Nc6 16. Bf4 Ne4 17. e3 Be5 18. Rad1 Na5 19. Qb4 Bxf4 20. Nxf4 Rc8 21.
Rc1 Nc4 22. Nc3 a5 23. Qb3 Ncd2 24. Qd1 g5 25. Nxe4 dxe4 26. Nh5 Re6 27. g4 Rd6
28. Qa4 Rxc1 29. Rxc1 Nf3+ 30. Bxf3 exf3 31. h3 Rd2 32. Rf1 Ba6 33. Rc1 Bb7 34.
Rf1 h6 35. Qc4 Qd3 36. Qxd3 Rxd3 37. Rc1 Rd2 38. Rc7 Ba6 39. Ra7 Rd1+ 40. Kh2
Bf1 41. Ra8+ Kh7 42. Nf6+ Kg6 43. Nh5 Kh7 44. Nf6+ Kg6 45. Nh5 f5 46. Ra7 1-0